000 01125nam a2200241Ia 4500
003 Ost
005 20260507075340.0
008 260507s9999||||xx |||||||||||||| ||und||
020 _a42265299619
040 _cfsecg
041 _aara
082 _a330
100 _aعجة، الجيلالي
_eمؤلف
245 0 _aالتجربة الجزائرية في تنظيم التجارة الخارجية :
_bمن احتكار الدولة الى احتكار الخواص /
_c الجيلالي عجة
260 _aالجزائر:
_bدار الخلدونية,
_c2007
300 _a312 صفحة؛
_bإيضاحات ؛
_c24 سم
504 _aبيبليوغرافيا ص.291؛ فهرس الجداول ص.309
520 _aسلطة الدولة الاشتراكية و اختيار الاحتكار و سلطة اعادة الهيكلة و اختيار الانفتاح ، استقلالية التجارة الخارجية و التعديل الهيكلي لها
653 _aالإحتكار
653 _aالتجارة الخارجية
653 _aالتجارة الخارجية- الجزائر
942 _cكتاب
999 _c44079
_d44079